Bienandanzas: poemas
Guardat en:
| Autor principal: | |
|---|---|
| Format: | Llibre |
| Idioma: | espanyol |
| Publicat: |
Valparaíso
Ediciones Instituto de Cultura
1964
|
| Edició: | 1a. ed |
| Matèries: | |
| Etiquetes: |
Afegir etiqueta
Sense etiquetes, Sigues el primer a etiquetar aquest registre!
|
MARC
| LEADER | 00000cam a2200000 a 4500 | ||
|---|---|---|---|
| 001 | UCD9949 | ||
| 003 | CL-VaPUC | ||
| 008 | 170709e19640000cl |||||||||||||||||spa|d | ||
| 082 | 0 | 4 | |a Ch861 |b ALL |2 21 |
| 100 | 0 | |a Alliende Luco, Joaquín |e author |9 593888 | |
| 245 | 1 | 0 | |a Bienandanzas: poemas |
| 250 | |a 1a. ed | ||
| 300 | |a 84 p | ||
| 942 | |c BK | ||
| 945 | |d 20170709 17:01:00 |a arojas | ||
| 260 | |a Valparaíso |b Ediciones Instituto de Cultura |c 1964 | ||
| 650 | 0 | |a Poesías chilenas |9 265280 | |
| 650 | 0 | |a Literatura chilena |9 308278 | |
| 583 | |a last modification |c 20170709 17:01:00 |k Rodrigo Vera | ||
| 999 | |c 368958 |d 368956 | ||
| 952 | |0 0 |1 0 |3 erb |4 0 |6 CH_861_000000000000000_ALL_1964 |7 0 |8 X |9 484465 |a FDOBUD |b FDOBUD |i 540715K |o Ch861 ALL 1964 |p 540715K |r 2019-11-24 |w 2019-11-24 |y BK_X |z Catalogado en:20170709 |k BUD | ||